Online
Catalog
Normal view MARC view

Entry Término temático

Number of records used in: 1

001 - NÚMERO DE CONTROL

  • campo de control: 86641

003 - IDENTIFICADOR DEL NÚMERO DE CONTROL

  • campo de control: DO-SdBNP

005 - FECHA Y HORA DE LA ÚLTIMA TRANSACCIÓN

  • campo de control: 20240923122923.0

008 - DATOS DE LONGITUD FIJA

  • campo de control de longitud fija: 240923|| aca||aabn | a|a d

040 ## - FUENTE DE LA CATALOGACIÓN

  • Centro catalogador/agencia de origen: DO-SdBNP
  • Centro/agencia transcriptor: DO-SdBNP

150 ## - ENCABEZAMIENTO--TÉRMINO DE MATERIA

  • Término de materia o nombre geográfico como elemento de entrada: Población
  • Subdivisión de forma: Congresos, conferencias, etc

670 ## - FUENTE DE DATOS ENCONTRADOS

  • Cita de la fuente: Work cat.: (DO-SdBNP)23346: Conferencia Internacional sobre Población y Desarrollo (1994 : Cairo) 49063, Informe de la Conferencia Internacional sobre Población y Desarrollo : Cairo, 9al 13 de septiembre del 1994), 1998.

Powered by Koha